000 00618nam a22001937a 4500
005 20241011155724.0
010 _aENG-142167
020 _c700.00
035 _aEN-125699
037 _bDBAD/PUB
082 _a332.1
100 _aKottapparamban , Nishad
_972741
245 _aFinancial Inclusion and Regional Variations:
_bLessons Learned from Kerala/
_cNishad Kottapparamban
250 _aFirst
260 _aBelgharia
_bExceller Books
_c2021
270 _aG1, Dream Apartment , Degree College Road, Belgharia
_bBelgharia
_e700056
300 _a163 p.
_c28cm(hb)
942 _2ddc
_cEN
_h332.1
_mKOT
999 _c206339
_d206339